| 000 | 00858nam a22002417a 4500 | ||
|---|---|---|---|
| 005 | 20080729153731.0 | ||
| 008 | 080729t xxu||||| |||| 00| 0 eng d | ||
| 010 | _aENG-90638 | ||
| 020 |
_a9788184350296 _c150.00 |
||
| 035 | _aEN-74171 | ||
| 037 | _bDBAD / PUB | ||
| 040 | _aDPL | ||
| 082 | _a230.45 | ||
| 100 | _aCharu Sheel Singh | ||
| 245 |
_aKashi : _cby Charu Sheel Singh _b(a mandala poem) |
||
| 260 |
_aNew Delhi _bAdhyayan Publishers & Distributors _c2007 |
||
| 300 |
_axii, 92p. _c22 cm.(pbk) |
||
| 500 | _aIncludes bibliographical references and index | ||
| 650 |
_zVaranasi _zIndia |
||
| 650 | _aReligious devotion | ||
| 942 |
_2ddc _cEN _h230.45 _mCHA |
||
| 999 |
_c14678 _d14678 |
||